Mariano Marcos State University

University Library System

Mass communication : (Record no. 8065)

MARC details
000 -LEADER
fixed length control field 00628nam a22002057a 4500
003 - CONTROL NUMBER IDENTIFIER
control field OSt
005 - DATE AND TIME OF LATEST TRANSACTION
control field 20240816132704.0
008 - FIXED-LENGTH DATA ELEMENTS--GENERAL INFORMATION
fixed length control field 160831t xxu||||| |||| 00| 0 eng d
020 ## - INTERNATIONAL STANDARD BOOK NUMBER
International Standard Book Number 9781483344751
040 ## - CATALOGING SOURCE
Original cataloging agency MMSU
Transcribing agency ULS
050 ## - LIBRARY OF CONGRESS CALL NUMBER
Classification number P 90 H36 2016 CIRC
100 ## - MAIN ENTRY--PERSONAL NAME
Personal name Hanson, Ralph E.,
Relator term author.
9 (RLIN) 35742
245 ## - TITLE STATEMENT
Title Mass communication :
Remainder of title living in a media world /
Statement of responsibility, etc. Ralph E. Hanson.
250 ## - EDITION STATEMENT
Edition statement 5th edition.
260 ## - PUBLICATION, DISTRIBUTION, ETC.
Place of publication, distribution, etc. Los Angeles :
Name of publisher, distributor, etc. SAGE,
Date of publication, distribution, etc. c2016.
300 ## - PHYSICAL DESCRIPTION
Extent xvi, 458 pages :
Other physical details illustrations ;
Dimensions 28 cm.
504 ## - BIBLIOGRAPHY, ETC. NOTE
Bibliography, etc. note Includes bibliographical references and index.
650 ## - SUBJECT ADDED ENTRY--TOPICAL TERM
Topical term or geographic name entry element Mass media.
9 (RLIN) 35743
942 ## - ADDED ENTRY ELEMENTS (KOHA)
Source of classification or shelving scheme
Koha item type Books
Holdings
Withdrawn status Lost status Source of classification or shelving scheme Damaged status Not for loan Home library Current library Shelving location Date acquired Source of acquisition Cost, normal purchase price Inventory number Total Checkouts Full call number Barcode Checked out Date last seen Date last checked out Price effective from Koha item type
          MMSU Main Library MMSU Main Library Circulation 08/31/2016 Purchase 10250.00 17-0027 1 P 90 H36 2016 CIRC 34000 09/23/2025 09/16/2025 09/16/2025 10/10/2017 Books

© 2023 Mariano Marcos State University. All Rights Reserved.

Powered by Koha